header

Computability in context (Record no. 118280)

MARC details
000 -LEADER
fixed length control field 01467nam a2200361 a 4500
082 04 - DEWEY DECIMAL CLASSIFICATION NUMBER
Classification number 511.3/52
245 00 - TITLE STATEMENT
Title Computability in context
260 ## - PUBLICATION, DISTRIBUTION, ETC. (IMPRINT)
Place of publication London :
Name of publisher Imperial College Press ;
Place of publication Singapore ;
-- Hackensack, N.J. :
Name of publisher World Scientific Pub. Co.,
Year of publication 2011.
300 ## - PHYSICAL DESCRIPTION
Number of Pages viii, 410 p. :
Other physical details ill. (some col.)
650 #0 - SUBJECT ADDED ENTRY--TOPICAL TERM
Topical Term Computable functions.
Topical Term Computational intelligence.
Topical Term Set theory.
Topical Term Mathematics
700 1# - ADDED ENTRY--PERSONAL NAME
Personal name Cooper, S. B.
Personal name Sorbi, Andrea,
856 40 - ELECTRONIC LOCATION AND ACCESS
Uniform Resource Identifier http://site.ebrary.com/lib/rucke/Doc?id=10480218

No items available.

© 2026 Rongo University
Contact us: librarian | system librarian | Rongo university